|
|
|
|
| LEADER |
00000nam0a2200000 4500 |
| 001 |
234383 |
| 005 |
20231101231321.0 |
| 010 |
|
|
|a 9785369012093
|
| 010 |
|
|
|a 978-5-16-006797-1
|
| 035 |
|
|
|a (RuTPU)RU\TPU\book\255506
|
| 090 |
|
|
|a 234383
|
| 100 |
|
|
|a 20130325d2013 m y0rusy50 ca
|
| 101 |
0 |
|
|a rus
|
| 102 |
|
|
|a RU
|
| 105 |
|
|
|a a j 001zy
|
| 200 |
1 |
|
|a Взаимозаменяемость в расчетах червячных передач
|e учебное пособие для вузов
|f Л. И. Миронова
|
| 210 |
|
|
|a Москва
|c Инфра-М
|c РИОР
|d 2013
|
| 215 |
|
|
|a 78 с.
|c ил.
|
| 225 |
1 |
|
|a Высшее образование. Бакалавриат
|
| 320 |
|
|
|a Библиогр.: с. 76.
|
| 330 |
|
|
|a В учебном пособии изложены основные принципы взаимозаменяемости и точности червячных передач, приведены нормы взаимозаменяемости мелкомодульных цилиндрических червячных передач. Пособие предназначено для студентов технических специальностей по курсу «Детали машин и основы конструирования» и может быть использовано при курсовом проектировании механических передач.
|
| 606 |
1 |
|
|a Червячные передачи
|x Расчет
|2 stltpush
|3 (RuTPU)RU\TPU\subj\72534
|9 86004
|
| 610 |
1 |
|
|a машиностроение
|
| 610 |
1 |
|
|a взаимозаменяемость
|
| 610 |
1 |
|
|a сопряжения
|
| 610 |
1 |
|
|a размеры
|
| 610 |
1 |
|
|a отклонения
|
| 610 |
1 |
|
|a допуски
|
| 610 |
1 |
|
|a посадки
|
| 610 |
1 |
|
|a детали машин
|
| 610 |
1 |
|
|a геометрические параметры
|
| 610 |
1 |
|
|a точность
|
| 610 |
1 |
|
|a зазоры
|
| 610 |
1 |
|
|a учебные пособия
|
| 675 |
|
|
|a 621.833.38(075.8)
|v 3
|
| 700 |
|
1 |
|a Миронова
|b Л. И.
|
| 801 |
|
1 |
|a RU
|b 63413507
|c 20130325
|
| 801 |
|
2 |
|a RU
|b 63413507
|c 20150617
|g RCR
|
| 900 |
|
|
|a Взаимозаменяемость и нормирование точности
|
| 900 |
|
|
|a Технологические процессы машиностроительного производства
|
| 942 |
|
|
|c BK
|
| 951 |
|
|
|b 151900
|
| 955 |
|
|
|l 8
|
| 959 |
|
|
|a 39/20130219
|d 2
|e 149,90
|f ЧЗТЛ:1
|f АНЛ:1
|